Mixed Word: Disney Oscar Songs Quiz Stats

 Plays Quiz Updated Apr 12, 2016

Challenge
Share
Tweet
Embed
Score 0/26 Timer 04:00
1 Play Today
Scrambled Title Disney Song % Correct
OVELLove
99.4%
VOLE SI A GONSLove Is a Song
95.1%
NEHW OYU SIWH NUPO A RATSWhen You Wish Upon a Star*
92.8%
SISK HET IRGLKiss the Girl
92.6%
ABBY NEMIBaby Mine
92.3%
EB ROU EGSTUBe Our Guest
90.8%
A LOHWE WEN DOLRWA Whole New World*
90.3%
ANC OYU EELF HTE OVLE GOTHINTCan You Feel the Love Tonight*
88.3%
DUNRE ETH EASUnder the Sea*
87.5%
RILCEC FO FILECircle of Life
86.4%
AUTYEB NAD ETH STEABBeauty and the Beast*
86.2%
NEFDIR KIEL EMFriend Like Me
84.7%
EBLELBelle
83.7%
Scrambled Title Disney Song % Correct
NAKUAH AMAATTHakuna Matata
83.4%
SLOROC FO TEH DIWNColors of the Wind*
82.5%
I ESE ETH GHILTI See the Light
82.3%
TEL TI OGLet It Go*
79.1%
LUYOL EB NI YM THAREYou'll Be in My Heart*
77.5%
IBIDBBI-DOBIBBI-OBOBibbidi-Bobbidi-Boo
76.5%
WOND NI WEN SARLENODown in New Orleans
72.4%
YM NYNUF DERFIN DNA EMMy Funny Friend and Me
71.7%
HTE REBA SESICETINESThe Bare Necessities
68.6%
OG EHT SCADNITEGo the Distance
61.7%
NOSEMOES GAWINIT ORF OUYSomeone's Waiting For You
53.3%
MOLSTA HETERAlmost There
51.1%
OLADSUS SIGOMASaludos Amigos
19%

You're not logged in!

Compare scores with friends on all Sporcle quizzes.
OR
Log In

You Might Also Like...

Show Comments

Extras

Top Quizzes Today


Score Distribution

Your Account Isn't Verified!

In order to create a playlist on Sporcle, you need to verify the email address you used during registration. Go to your Sporcle Settings to finish the process.

Report this User

Report this user for behavior that violates our Community Guidelines.

Details: